| 000 | 01410nam a2200289 a 4500 | ||
|---|---|---|---|
| 001 | 000025495 | ||
| 003 | OSt | ||
| 005 | 20250621074007.0 | ||
| 008 | 110217s1999 dr 000 0 spa d | ||
| 020 | _a8460576841 | ||
| 040 |
_aDO-SdBNP _bspa _cBNPHU |
||
| 049 | _a | ||
| 082 | 4 |
_a324.27293 _bJ61p _222 |
|
| 100 | 1 |
_aJiménez Polanco, Jacqueline _92351 |
|
| 245 | 1 | 4 |
_aLos partidos en la República Dominicana : _bactividad electoral y desarrollo organizativo / _cJacqueline Jiménez Polanco. |
| 260 |
_aSanto Domingo : _bCentenario, _bDistribución, Facultad Latinoamericana de Ciencias Sociales, _c1999. |
||
| 300 |
_a593 p. : _bil., gráfcs., tabls. ; _c23 cm. |
||
| 500 | _aIncluye datos biográficos de la autora en la contracubierta | ||
| 504 | _aBibliografía : p. 563-593. | ||
| 505 | _aPrólogo -- El sistema político y la competencia interpartidista -- Del faccionalismo al antipartidismo: El régimen autoritario de Trujillo, 1930-1961 -- Del atipartidismo al pluripartidismo : La paulatina transición política -- El sistema electoral y la representación política -- Estudio organizativo de los partidos dominantes. | ||
| 590 | _aInventariado, 2020/VM | ||
| 650 | 4 |
_y _977535 |
|
| 650 |
_aRepública Dominicana _xPolítica y gobierno _92488 |
||
| 651 | 0 |
_aRepública Dominicana _xPolítica y gobierno _945 |
|
| 910 | _aVMateo/Validado. Control de calidad MFF | ||
| 942 |
_2ddc _cLBS1 |
||
| 999 |
_c24987 _d24987 |
||